Štrukturálne súvislosti slovenskej ekonomiky

Analýza štruktúrnych vzťahov v slovenskej ekonomike za roky 2000 a 2005 prostredníctvom statického Leontiefovho modelu a súboru prác z neho vychádzajúcich. Input-output tabuľky v komoditnom členení. Stručný prehľad output multiplikátorov slovenskej ekonomiky, ktoré sú vypočítané z údajov input-outpu...

Ausführliche Beschreibung

Gespeichert in:
Bibliographische Detailangaben
1. Verfasser: Rumpelová, Daniela, 1982-
Format: Buchkapitel
Sprache:Slowakisch
Schlagworte:
Tags: Tag hinzufügen
Keine Tags, Fügen Sie das erste Tag hinzu!

MARC

LEADER 00000nla$a2200000$$$4500
001 0125954
005 20240502072433.4
041 0 |a slo 
044 |a SK 
245 1 0 |a Štrukturálne súvislosti slovenskej ekonomiky  |c Daniela Rumpelová 
520 |a Analýza štruktúrnych vzťahov v slovenskej ekonomike za roky 2000 a 2005 prostredníctvom statického Leontiefovho modelu a súboru prác z neho vychádzajúcich. Input-output tabuľky v komoditnom členení. Stručný prehľad output multiplikátorov slovenskej ekonomiky, ktoré sú vypočítané z údajov input-output tabuliek publikovaných prostredníctvom ŠUSR. Hodnoty multiplikátorov zamestnanosti v roku 2000 a 2005. Súhrnná tabuľka multiplikátorov Slovenskej republiky za rok 2005. Odvetvia, ktoré sa stávajú kľúčovými pre slovenskú ekonomiku. 
610 2 0 |a input-output 
610 2 0 |a analýzy 
610 2 0 |a hospodárstvo národné 
610 2 0 |a odvetvia činnosti ekonomickej 
610 2 0 |a komodity 
610 2 0 |a priemysel 
610 2 0 |a poľnohospodárstvo 
610 2 0 |a zamestnanosť 
610 2 0 |a inovácia 
610 2 0 |a Slovensko 
100 1 |a Rumpelová, Daniela, 1982-